000 00581nam a2200205Ia 4500
001 18951
003 GE_BSU
008 181216s||||||||xx |||||||||||||| ||und||
040 _cGE_BSU
245 _aГосударство и право. №9. 2016.Сентябрь
245 _cГл.ред.А.С.Автономов
250 _aВыходит 12раз в год.
260 _aМосква
260 _bНаука
260 _c2016
300 _a128стр,29см
653 _aГосударство и право.
653 _aპერიოდიკა
942 _cCR
999 _c51950
_d51950